Papeles amarillos en el arca (Narraciones)

Uloženo v:
Podrobná bibliografie
Hlavní autor: Rubio, Rodrigo
Médium: Kniha
Jazyk:Undetermined
Vydáno: Madrid, España Nacional San Agustín 1969
Témata:
Tagy: Přidat tag
Žádné tagy, Buďte první, kdo vytvoří štítek k tomuto záznamu!

MARC

LEADER 00000nam a2200000Ia 4500
008 170316s9999 xx 000 0 und d
040 |a cru BVZT 
090 |a 862 R-23p 
100 |a Rubio, Rodrigo 
245 |a Papeles amarillos en el arca (Narraciones) 
260 |a Madrid, España 
260 |b Nacional San Agustín 
260 |c 1969 
300 |a 207 páginas 
650 |a LITERATURA ESPAÑOLA 
650 |a NARRACIONES 
999 |c 10364  |d 10364 
942 |c 15 D  |h 862 R-23p  |2 z